La Détente (Record no. 14030)

MARC details
010 ## - Numéro international normalisé du livre (ISBN)
ISBN 9782487746268
099 ## - Visibilité opac
notice masquée en opac Non
100 ## - Données générales de traitement
Données générales de traitement 20260226d u||y0frey50 ba
200 ## - Titre et mention de responsabilité
Titre propre La Détente
Indication générale du type de document Livre
214 ## - Mentions de production, publication, diffusion et manufacture
Nom de l’éditeur esse que
323 ## - Nombre de personnages
Texte de la note 20 personnages et plus
330 ## - Résumé ou extrait
Texte de la note Suzanne est professeure de musique au collège. Elle mène une vie paisible dans une maison située sur le bord d’une crique à l’eau exceptionnellement fraîche.<br/>La vie de Suzanne est bouleversée le jour où la destruction de la crique est annoncée. Une centrale nucléaire sera construite. Dans la région, un mouvement de contestation s’organise contre le projet. Mouvement massif qui, d’abord pacifique, se radicalise progressivement.<br/>La pièce raconte l’histoire de ce mouvement du point de vue de Suzanne qui, de paisible citoyenne, va se transformer en militante acharnée. En bout de course, Suzanne pressera la détente.
610 ## - Mot-clé
Mot-clé écologie
700 ## - Auteur principal
Nom Gautier
Prénom Raphaël
000 -Etiquette de la notice
Leader 01014nam a2200169 4500
005 - Identifiant de la version
Identifiant 20260226151113.0
Holdings
Exclu du prêt Date de création Site actuel Code barre Date prix de remplacement Cote Statut Site de rattachement Type de document Koha
  26.02.2026 Théâtre Joliette JOL-007731 26.02.2026 TH GAU 20+   Théâtre Joliette Livre